000 00889nas a2200289 4500
001 BR0502668
003 BR-BrBNA
005 20231205105357.0
007 ta
008 230509b bl.|||p| |||| 00| 00por d
040 _aBR-BrBNA
_bpor
_cBiblioteca Nacional de Agricultura
041 _a(Pt)
072 _aH20
100 1 _aMendes, S.S.
100 1 _aSantos, P.R. dos
100 1 _aSantana, G. da C.
100 1 _aRibeiro, G.T.
100 1 _aMesquita, J.B.
245 1 _aLevantamento, patogenicidade e transmissão de fungos associados às sementes de sabiá (Mimosa caesalpiniaefolia Benth)
650 _aSABIÁ
650 _aFUNGO
650 _aSEMENTE
650 _aPATOGENICIDADE
773 0 _tRevista Ciência Agronômica (Brazil)
_xISSN 0045-6888
_g(Jan-Apr 2005), v. 36(1) p. 118-122
_wBR0502668
909 _a202311
_bLúcia
_c55
_dLúcia Elande
942 _2AGRIS
_n0
_cANA
999 _c182642
_d182642